La lógica y el lenguaje en la educación

Saved in:
Bibliographic Details
Main Author: Kneller, George F (Author)
Format: Book
Language:Spanish
Published: Buenos Aires El Ateneo 1969
Subjects:
Tags: Add Tag
No Tags, Be the first to tag this record!

MARC

LEADER 00000nam a2200000 a 4500
001 UCZ7330
003 CL-VaPUC
008 951228e19690000AG |||||||||||||||||spa|d
082 0 4 |a 370.15  |b KNE  |2 21 
100 |a Kneller, George F  |e author  |9 352137 
245 1 3 |a La lógica y el lenguaje en la educación 
300 |a 249 p 
942 |c BK 
945 |d 19951228 00:00:00  |a cmena 
260 |a Buenos Aires  |b El Ateneo  |c 1969 
650 0 |a Psicología educacional   |9 307830 
650 0 |a Rol del docente  |9 329733 
650 0 |a Lógica  |9 256849 
650 0 |a Métodos de enseñanza  |9 270413 
650 0 |a Metodología   |9 256610 
583 |a last modification  |c 19951228 00:00:00  |k Rodrigo Vera 
999 |c 243423  |d 243421 
952 |0 0  |1 0  |4 0  |6 370_150000000000000_KNE_1969  |7 0  |8 P  |9 257036  |a BIBEDU  |b BIBEDU  |c BIBEDU_PB  |d 2019-11-19  |i 1612441  |o 370.15 KNE 1969  |p 1612441  |r 2024-01-25  |w 2019-11-19  |y BK  |k EDU 
952 |0 0  |1 0  |4 0  |6 370_150000000000000_KNE_1969  |7 0  |8 P  |9 257037  |a BIBEDU  |b BIBEDU  |c BIBEDU_PB  |d 2019-11-19  |i 1632442  |o 370.15 KNE 1969  |p 1632442  |r 2024-01-25  |w 2019-11-19  |y BK  |k EDU 
952 |0 0  |1 0  |4 0  |6 370_150000000000000_KNE_1969  |7 0  |8 A  |9 257038  |a FDOPOS  |b FDOPOS  |d 2019-11-19  |i 4270339  |o 370.15 KNE 1969  |p 4270339  |r 2025-01-22  |w 2019-11-19  |y BK  |k MLA 
952 |0 0  |1 0  |4 0  |6 370_150000000000000_KNE_1969  |7 0  |8 A  |9 257039  |a FDOPOS  |b FDOPOS  |d 2019-11-19  |i 4270355  |o 370.15 KNE 1969  |p 4270355  |r 2025-01-22  |w 2019-11-19  |y BK  |k MLA